| 000 | 00919nam a2200241Ia 4500 | ||
|---|---|---|---|
| 003 | OSt | ||
| 005 | 20220923214517.0 | ||
| 006 | a|||||r|||| 00| 0 | ||
| 007 | ta | ||
| 008 | 220922b |||||||| |||| 00| 0 hin d | ||
| 024 | _a170,263 | ||
| 037 | _cTextual | ||
| 040 |
_aARTS _cARTS _bhin |
||
| 041 |
_2hin _ahin |
||
| 082 | _aO152,3N05:VM, H9 | ||
| 100 | _aमुल्कराज शर्मा, आनंद | ||
| 245 | 0 |
_aवैवस्तु मनु और श्रद्धा _b आदि सृष्टि के समय का एक मौलिक उपन्यास |
|
| 246 | _aVaivastu hinu aur shraddhā: ādi sṛuṣhṭi ke samaya kā ek maulik upanyāsa | ||
| 260 | _c1949 | ||
| 650 |
_aहिन्दी साहित्य _9156264 |
||
| 942 |
_hO152,3N05:VM, H9 _cTEXL _2CC |
||
| 999 |
_c324595 _d324595 |
||